书目信息 |
| 题名: |
从苏丹红说起
|
|
| 作者: | 杨保刚 , 刁恩杰 , 丁晓雯 编著 | |
| 分册: | ||
| 出版信息: | 北京 化学工业出版社 2005 |
|
| 页数: | 145页 | |
| 开本: | 19cm | |
| 丛书名: | ||
| 单 册: | ||
| 中图分类: | TS202.3 , TS207.5 | |
| 科图分类: | ||
| 主题词: | 食品添加剂--事件--简介--世界 , 食品添加剂污染--食品检验 , 食品添加剂 , 食品添加剂污染 , 食品检验 | |
| 电子资源: | ||
| ISBN: | 7-5025-6975-8 | |
| 000 | 01079nam0 2200313 450 | |
| 001 | 012007176170 | |
| 005 | 20070522171053.10 | |
| 010 | @a7-5025-6975-8@dCNY10.00 | |
| 100 | @a20070514d2005 km y0chiy0120 ea | |
| 101 | 0 | @achi |
| 102 | @aCN@b110000 | |
| 105 | @ay z 000yy | |
| 106 | @ar | |
| 200 | 1 | @a从苏丹红说起@Acong su dan hong shuo qi@f杨保刚,刁恩杰,丁晓雯等编著@Fyang bao gang,diao en jie,ding xiao wen deng bian zhu |
| 210 | @a北京@c化学工业出版社@d2005 | |
| 215 | @a145页@d19cm | |
| 330 | @a本书内容包括:“苏丹红”事件国际背景;国内风波;苏丹红的本来面目;“苏丹红”事件风波过后的思考。附录:关于加强对含有苏丹红(一号)食品检验监管的紧急通知等。 | |
| 606 | 0 | @a食品添加剂@x事件@x简介@y世界 |
| 606 | 0 | @a食品添加剂污染@x食品检验 |
| 606 | 0 | @a食品添加剂 |
| 606 | 0 | @a食品添加剂污染 |
| 606 | 0 | @a食品检验 |
| 690 | @aTS202.3@v4 | |
| 690 | @aTS207.5@v4 | |
| 701 | 0 | @a杨保刚@Ayang bao gang@4编著 |
| 701 | 0 | @a刁恩杰@Adiao en jie@4编著 |
| 701 | 0 | @a丁晓雯@Ading xiao wen@c(食品学)@4编著 |
| 801 | 0 | @aCN@bRULIN@c20070522 |
| 905 | @dTS202.3@e74@s8 | |
| 从苏丹红说起/杨保刚,刁恩杰,丁晓雯等编著.-北京:化学工业出版社,2005 |
| 145页;19cm |
| ISBN 7-5025-6975-8:CNY10.00 |
| 本书内容包括:“苏丹红”事件国际背景;国内风波;苏丹红的本来面目;“苏丹红”事件风波过后的思考。附录:关于加强对含有苏丹红(一号)食品检验监管的紧急通知等。 |
| ● |
| 相关链接 |
|
|
|
|
正题名:从苏丹红说起
索取号:TS202.3/74
 
预约/预借
| 序号 | 登录号 | 条形码 | 馆藏地/架位号 | 状态 | 备注 |
| 1 | 0574087 | 205740876 | 第二样本阅览室/ [索取号:TS202.3/74] | 在馆 | |
| 2 | 0574088 | 205740885 | 第三借阅区/ [索取号:TS202.3/74] | 在馆 | |
| 3 | 0574089 | 205740894 | 第三借阅区/ [索取号:TS202.3/74] | 在馆 | |
| 4 | 0574090 | 205740901 | 第三借阅区/ [索取号:TS202.3/74] | 在馆 | |
| 5 | 0574091 | 205740910 | 第三借阅区/ [索取号:TS202.3/74] | 在馆 | |
| 6 | 0574092 | 205740929 | 第三借阅区/ [索取号:TS202.3/74] | 在馆 | |
| 7 | 0574093 | 205740938 | 第三借阅区/ [索取号:TS202.3/74] | 在馆 | |
| 8 | 0574094 | 205740947 | 第三借阅区/ [索取号:TS202.3/74] | 在馆 |